Clubs de MLS (Ouest) - Statistiques

Statistiques générales
  • Ce quiz a été pris 94 fois
  • Le résultat moyen est 10 sur 14
Statistiques - réponses
Par images Réponse % Correct
Los Angeles Galaxy
100%
Los Angeles FC
96%
FC Dallas
94%
Portland Timbers
89%
Sounders Seattle
83%
Vancouver Whitecaps
79%
Houston Dynamo FC
76%
Austin FC
71%
Minnesota United FC
66%
Real Salt Lake
63%
Sporting Kansas City
59%
Colorado Rapids
58%
St Louis City SC
53%
San Jose Earthquakes
50%
Aucun quiz correspondant
Distribution des résultats
% des personnes avec chaque résultat
Percentile par nombre de réponses
Votre historique - résultats
Vous n’avez pas pris ce quiz